01811nam a2200481 i 450000100060000000300090000600500170001500800410003201500180007302000150009104000280010604600090013408000100014308000130015308000110016608000120017710000380018924501000022726000700032730000210039733600270041833700540044533800280049938000160052738000270054338500390057038800100060949000720061950400260069152101400071765000240085765000170088165000290089865000310092765500300095865800300098871000540101885600980107283000710117094200120124199900170125395200590127052560KOSZ 00520230119143504.0020806s2006 pl f f |000 0 pol  aPB 2006/19287 a8371993854 aWA NcWA NdKOSZ 005/HR k2006 a005.6 a006.3/.8 a658.56 a(075.8)1 aŁunarski, Jerzyd(1937- )eAutor10aSystemy jakości, normalizacji i akredytacji w zarządzaniu organizacjami /cJerzy Łunarski. aRzeszów :bOficyna Wydawnicza Politechniki Rzeszowskiej,c2006. a193 s. ;c24 cm. 2rdacontentaTekstbtxt 2rdamediaaBez urządzenia pośredniczącegobn 2rdacarrieraWoluminbnc aKsiążki aPublikacje dydaktyczne mPoziom nauczaniaaSzkoły wyższe a2001-1 aProjektowanie i Wdrażanie Standardowych Systemów Zarządzania. aBibliogr. s. 192-193.8 aSkrypt dla studentów Wydziału Budowy Maszyn i Rolnictwa i innych wydziałów do przedmiotów z zakresu zarządzania jakością. 4aJakość produktu 4aNormalizacja 4aCertyfikacja zgodności 4aZarządzanie jakością 4aPodręczniki akademickie aZarządzanie i marketing aOficyna Wydawnicza Politechniki Rzeszowskiej4pbl uhttp://koha.tu.koszalin.pl/cgi-bin/koha/opac-detail.pl?biblionumber=52560yKatalog online BPK 0aProjektowanie i Wdrażanie Standardowych Systemów Zarządzania 2UKDcKS c52560d52560 00104071aBPKbBPKcco81074p02349053t005.6 ZjyKS